000 00609cam a22002053a 4500
001 40399
003 PGUSA
005 20140828083913.0
008 120803s2012||||xxu|||||s|||||000 | eng d
040 _aPGUSA
_beng
042 _adc
245 1 0 _aLes Usages du Siècle :
_blettres, conseils pratiques, le Savoir-vivre
_h[electronic resource]
260 _bProject Gutenberg,
_c2012
506 _aPublic domain in the USA.
516 _aElectronic text
653 _aFrance -- Social life and customs
830 0 _aProject Gutenberg
_v40399
856 4 0 _uhttp://www.gutenberg.org/ebooks/40399
942 _cEB
999 _c269652
_d269652